000
00213 a2200097 4500
001
28457
100
_a
Stein, S
245
_a
Modern communication principles
260
_a
_b
McGraw-Hill
_c
090
_c
19060
_d
19060
942
_a
NUST-CAE
_c
M
_c
10070
999
_c
263530
_d
263530